书目信息 |
| 题名: |
中文FrontPage 2002网页设计大制作
|
|
| 作者: | 冯沃辉 , 陈美莲 , 黄智诚 编著 | |
| 分册: | ||
| 出版信息: | 北京 冶金工业出版社 2002.08 |
|
| 页数: | 300页 | |
| 开本: | 26cm | |
| 丛书名: | ||
| 单 册: | ||
| 中图分类: | TP393.092 | |
| 科图分类: | ||
| 主题词: | 计算机应用 | |
| 电子资源: | ||
| ISBN: | 7-5024-3074-1 | |
| 000 | 00733nam0 2200217 45 | |
| 001 | 0462962542 | |
| 005 | 2004052117292254 | |
| 010 | @a7-5024-3074-1@dCNY 35.00 | |
| 100 | @a20040521d2002 km y0chiy0120 ea | |
| 101 | 0 | @achi |
| 102 | @aCN@b110000 | |
| 200 | 1 | @a中文FrontPage 2002网页设计大制作@Azhong wen FrontPage 2002 wang ye she ji da zhi zuo@f冯沃辉,陈美莲,黄智诚编著@Ffeng wo hui,chen mei lian,huang zhi cheng bian zhu |
| 210 | @a北京@c冶金工业出版社@d2002.08 | |
| 215 | @a300页@d26cm | |
| 606 | 0 | @a计算机应用 |
| 690 | 1 | @aTP393.092@v4 |
| 701 | 0 | @a冯沃辉@Afeng wo hui@4编著 |
| 701 | 0 | @a陈美莲@Achen mei lian@4编著 |
| 701 | 0 | @a黄智诚@Ahuang zhi cheng@4编著 |
| 801 | 0 | @aCN@bPFT@c20040521 |
| 905 | @a10447@dTP393.092@eF520 | |
| 中文FrontPage 2002网页设计大制作/冯沃辉,陈美莲,黄智诚编著.-北京:冶金工业出版社,2002.08 |
| 300页;26cm |
| ISBN 7-5024-3074-1:CNY 35.00 |
| ● |
| 相关链接 |
|
|
|
正题名:中文FrontPage 2002网页设计大制作
索取号:TP393.092/F520
 
预约/预借
| 序号 | 登录号 | 条形码 | 馆藏地/架位号 | 状态 | 备注 |
| 1 | 376710 | 203767101 | 自科库301/301自科库 125排2列2层/ [索取号:TP393.092/F520] | 在馆 | |
| 2 | 376711 | 203767110 | 自科库301/301自科库 125排2列2层/ [索取号:TP393.092/F520] | 在馆 |